NCHRP Web only Document 129: Phases III Pedestrian Safety Prediction Methodology / (Record no. 2210)

000 -LEADER
fixed length control field 00383 a2200097 4500
082 ## - DEWEY DECIMAL CLASSIFICATION NUMBER
Classification number 363.125 HAR
100 ## - MAIN ENTRY--PERSONAL NAME
Personal name Harwood, Douglas W.
245 ## - TITLE STATEMENT
Title NCHRP Web only Document 129: Phases III Pedestrian Safety Prediction Methodology /
Statement of responsibility, etc. Douglas W. Harwood...[et al]
260 ## - PUBLICATION, DISTRIBUTION, ETC.
Place of publication, distribution, etc. USA :
Name of publisher, distributor, etc. National Cooperative Highway Research Program,
Date of publication, distribution, etc. 2008
300 ## - PHYSICAL DESCRIPTION
Extent iii, 70p. ;
Other physical details ill. ;
Dimensions 30 cm
650 ## - SUBJECT ADDED ENTRY--TOPICAL TERM
Topical term or geographic name entry element Pedestrian Safety Prediction
Holdings
Withdrawn status Lost status Damaged status Not for loan Permanent Location Current Location Shelving location Date acquired Total Checkouts Full call number Barcode Date last seen Price effective from Koha item type
        School of Civil and Environmental Engineering (SCEE) School of Civil and Environmental Engineering (SCEE)       363.125 HAR NIT-6042 01/05/2017 01/05/2017 Book
© 2023 Central Library, National University of Sciences and Technology. All Rights Reserved.